5-Letter Alphabet Challenge Quiz Stats

 Plays Quiz not verified by Sporcle

Challenge
Share
Tweet
Embed
Score 0/26 Timer 01:30
0 Plays Today
Hint Answer % Correct
Type 'abcde'abcde
100%
'bcdef'bcdef
98.3%
'cdefg'cdefg
98.3%
d....defgh
94.2%
e....efghi
93%
f....fghij
92.4%
g....ghijk
91.3%
h....hijkl
91.3%
i....ijklm
90.7%
j....jklmn
90.7%
k....klmno
90.7%
l....lmnop
90.1%
m....mnopq
90.1%
Hint Answer % Correct
n....nopqr
89%
o....opqrs
88.4%
p....pqrst
87.2%
q....qrstu
86%
r....rstuv
86%
s....stuvw
83.7%
t....tuvwx
82.6%
u....uvwxy
80.2%
vwxyzvwxyz
76.7%
wxyzawxyza
72.1%
xyzabxyzab
69.2%
yzabcyzabc
66.9%
zabcdzabcd
61.6%

You're not logged in!

Compare scores with friends on all Sporcle quizzes.
OR
Log In

You Might Also Like...

Show Comments

Extras

Top Quizzes Today


Score Distribution

Your Account Isn't Verified!

In order to create a playlist on Sporcle, you need to verify the email address you used during registration. Go to your Sporcle Settings to finish the process.

Report this User

Report this user for behavior that violates our Community Guidelines.

Details: